الترجمة التحريرية / (Record no. 15910)
[ view plain ]
| 000 -الفاتح | |
|---|---|
| حقل البيانات ثابتة الطول | 01341cam a22003257a 4500 |
| 003 - محدد رقم الضبط | |
| رقم الضبط | EG-ScBUE |
| 005 - وقت وتاريخ اخر تعامل مع التسجيلة | |
| رقم الضبط | 20191228123300.0 |
| 008 - عناصر البيانات ثابتة الطول - معلومات عامة | |
| حقل البيانات ثابتة الطول | 110824n iq f 000 0 ara d |
| 040 ## - مصدر الفهرسة | |
| وكالة الفهرسة الأصلية | EG-ScBUE |
| لغة الفهرسة | ara |
| قواعد الوصف | rda |
| وكالة التعديل | EG-ScBUE |
| وكالة النسخ | EG-ScBUE |
| 041 0# - رمز اللغة | |
| رمز لغة النص/ المسارات الصوتية أو العنوان الانفرادي | ara |
| -- | eng |
| 082 04 - رقم تصنيف ديوى العشرى | |
| رقم التصنيف | 492.780221 |
| رقم المادة | و ا س |
| رقم الطبعة | 22 |
| 100 1# - المدخل الرئيسى - إسم شخصى | |
| رمز الرابط | واسطي، سلمان، |
| الدور | مؤلف. |
| 245 12 - بيان العنوان | |
| العنوان | الترجمة التحريرية / |
| بيان المسئوليه,etc | [سلمان الواسطي [وثلاثة آخرون. |
| 264 #1 - النشر، التوزيع | |
| مكان الناشر او الموزع | الجمهورية العراقية : |
| اسم الناشر او الموزع | وزارة التعليم العالي والبحث العلمي، |
| تاريخ النشر أو التوزيع | [تاريخ النشر غير محدد] |
| 300 ## - الوصف المادى | |
| التعداد | 372 صفحة ؛ |
| أبعاد الوعاء | 24 سم |
| 336 ## - نوع المحتوى | |
| source | rdacontent |
| Carrier Type Term | نص |
| Content Type Code | txt |
| 337 ## - نوع الوسيط | |
| source | rdamedia |
| Media Type Term | بدون وسيط |
| Media Type Code | n |
| 338 ## - نوع الحامل أو الناقل | |
| source | rdacarrier |
| Carrier Type Term | مجلد |
| Carrier Type Code | nc |
| 500 ## - تبصرة عامة | |
| تبصرة عامة | يشتمل على ملحق. |
| 546 ## - تبصرة اللغة | |
| تبصرة اللغة | النص مكتوب باللغتين العربية والإنجليزية. |
| 590 ## - تبصرة محلية(RLIN) | |
| تبصرة محلية | mahmoud sami |
| 650 #7 - المدخل الاضافى بالموضوع-مصطلح موضوعى | |
| 9 (RLIN) | 26944 |
| مصطلح موضوعي أو اسم جغرافي كعنصر مدخل | اللغة العربية |
| التقسيم الفرعي العام | ترجمة إلى الإنجليزية. |
| مصدر الرأس أو المصطلح | BUEsh |
| 651 ## - المدخل الاضافى بالموضوع - اسم جغرافى | |
| مصدر الرأس أو المصطلح | BUEsh |
| 653 ## - مصطلح تكشيفى غير مقيد | |
| Resource For college | Generalities |
| Arrived date list | December2019 |
| 655 ## - مصطلح تكشيفى-نوع/شكل | |
| التقسيم الفرعي الشكلي | Reading book |
| 700 1# - المدخل الاضافى - اسم شخصى | |
| الإسم الشخصى | حبيب، كرم |
| الدور | مؤلف. |
| 9 (RLIN) | 26885 |
| 700 1# - المدخل الاضافى - اسم شخصى | |
| الدور | مؤلف. |
| 9 (RLIN) | 31528 |
| 700 1# - المدخل الاضافى - اسم شخصى | |
| الإسم الشخصى | وكيل، عبد الوهاب |
| الدور | مؤلف. |
| 9 (RLIN) | 26887 |
| 942 ## - عناصر المدخل الإضافي( كوها) | |
| مصدر التصنيف او مخطط الترفيف | Dewey Decimal Classification |
| Koha [default] item type | Book - Borrowing |
| جزء التصنيف | 492.780221 و ا س |
| حالة التراجع | حالة الفقد | مصدر التصنيف او خطة الترفيف | حالة تلف | ليس للاعارة | مجموعات كوها | المكان الدائم | المكان الحالي | موقع الترفيف | تاريخ الاكتساب | Source of acquisition | رقم الاستدعاء | الباركود | Date last seen | نوع الوعاء |
|---|---|---|---|---|---|---|---|---|---|---|---|---|---|---|
| Dewey Decimal Classification | Alef-Baa | Central Library | Central Library | Second Floor | 24/08/2011 | Purchase | 492.780221 و ا س | 000024094 | 15/07/2025 | Book - Borrowing |